Normal view MARC view
  • PARAMEDICAL

Entry Topical Term

Number of records used in: 13

001 - CONTROL NUMBER

  • control field: 8847

003 - CONTROL NUMBER IDENTIFIER

  • control field: JRU

005 - DATE AND TIME OF LATEST TRANSACTION

  • control field: 20251204144417.0

008 - FIXED-LENGTH DATA ELEMENTS

  • fixed length control field: 251204|| aca||aabn | a|a d

040 ## - CATALOGING SOURCE

  • Original cataloging agency: JRU
  • Transcribing agency: JRU

150 ## - HEADING--TOPICAL TERM

  • Topical term or geographic name as entry element: PARAMEDICAL
  • General subdivision: BMLT/BMIRT

670 ## - SOURCE DATA FOUND

  • Source citation: Work cat.: (JRU)8639: GODKAR, PRAFUL B. AND GODKAR, DARSHAN. P. 8506, TEXTBOOK OF MEDICAL LABORATORY TECHNOLOGY: CLINICAL LABORATORY SCIENCE AND MOLECULAR DIAGNOSIS [ VOL-1]